LEADER 05099nam 2200613 450 001 9910795499603321 005 20180619140108.0 010 $a1-78533-703-3 024 7 $a10.1515/9781785337031 035 $a(CKB)4340000000210502 035 $a(MiAaPQ)EBC5114148 035 $a(DE-B1597)636484 035 $a(DE-B1597)9781785337031 035 $a(EXLCZ)994340000000210502 100 $a20171123h20182018 uy 0 101 0 $aeng 135 $aurcnu|||||||| 181 $2rdacontent 182 $2rdamedia 183 $2rdacarrier 200 00$aGlobal exchanges $escholarships and transnational circulations in the modern world /$fedited by Ludovic Tourne?s and Giles Scott-Smith 210 1$aNew York ;$aOxford, [England] :$cBerghahn,$d2018. 210 4$dİ2018 215 $a1 online resource (344 pages) $cillustrations, tables 311 $a1-78533-702-5 320 $aIncludes bibliographical references and index. 327 $aIntroduction : conceptualizing the history of international scholarship programs (19-21st centuries) / Giles Scott-Smith and Ludovic Tournes -- The politics of scholarly exchange : taking the long view on the Rhodes scholarships / Tamson Pietsch & Meng-Hsuan Chou -- The defeat of university autonomy : French academic diplomacy, mobility scholarships and exchange programs (1880s-1930s) / Guillaume Tronchet -- The commonwealth university interchange scheme : promoting exchanges in a changing world (1948-1960) / Alice Byrne -- Students as ambassadors : German-American exchange diplomacy during the 1980s / Jacob S. Eder -- Muscular Christian exchanges : Asian sports experts and the international YMCA training school (1910s-1930s) / Stefan Hubner -- Managing scientific exchange in interwar Germany : August Wilhelm Fehling and Rockefeller Foundation fellowships / Judith Syga-Dubois -- Wedges and webs : Rockefeller nursing fellowships, 1920-1940 / Pierre-Yves Saunier -- Fellowship programs for public health development : the Rockefeller Foundation, UNRRA, and WHO (1920s-1970s) / Yi-Tang Lin, Thomas David, Davide Rodogno -- New missionaries for social development : the ILO internship program (1950-1963) / Veronique Plata-Stenger -- The Fulbright program and the philosophy and geography of U.S. exchange programs since World War II / Lonnie R. Johnson -- Grassroots diplomacy : fighting the cold war on the family farm with the International Farm Youth Exchange / Peter Simons -- Third world students at Soviet universities in the Brezhnev period / Julie Hessler -- US exchange programs with Africa during the civil rights era / Hannah Higgin -- Working on/working with the Soviet bloc : IREX, scholarly exchanges and detente / Justine Faure -- American foundations and the challenge of funding international fellowship and exchange programs since 1970 / Patricia L. Rosenfield -- Global networks, soft power, and the U.S. military / Carol Atkinson -- American Fulbrighters in China, 1979-2014 / Guangqiu Xu -- Importing barbarian knowledge : the JET program and the development of cultural internationalism in Japan (1987-2014) / Jesse Sargent -- New actors of the post-cold war world (Europe, China, India) : towards a genuine globalization of scholarship programs / Ludovic Tournes. 330 $aExchanges between different cultures and institutions of learning have taken place for centuries, but it was only in the twentieth century that such efforts evolved into formal programs that received focused attention from nation-states, empires and international organizations. Global Exchanges provides a wide-ranging overview of this underresearched topic, examining the scope,  scale and evolution of organized exchanges around the globe through the twentieth century. In doing so it dramatically reveals the true extent of organized exchange and its essential contribution for knowledge transfer, cultural interchange, and the formation of global networks so often taken for granted today. 606 $aEducational exchanges$xHistory$y19th century 606 $aEducational exchanges$xHistory$y20th century 606 $aScholarships$xHistory$y19th century 606 $aScholarships$xHistory$y20th century 606 $aInternational education$xHistory$y19th century 606 $aInternational education$xHistory$y20th century 606 $aHigher education and state$xHistory$y19th century 606 $aHigher education and state$xHistory$y20th century 615 0$aEducational exchanges$xHistory 615 0$aEducational exchanges$xHistory 615 0$aScholarships$xHistory 615 0$aScholarships$xHistory 615 0$aInternational education$xHistory 615 0$aInternational education$xHistory 615 0$aHigher education and state$xHistory 615 0$aHigher education and state$xHistory 676 $a370.1162 702 $aTourne?s$b Ludovic 702 $aScott-Smith$b Giles$f1968- 801 0$bMiAaPQ 801 1$bMiAaPQ 801 2$bMiAaPQ 906 $aBOOK 912 $a9910795499603321 996 $aGlobal exchanges$93799333 997 $aUNINA LEADER 04213nam 22007453u 450 001 9910790019203321 005 20230703181138.0 010 $a1-00-344534-9 010 $a1-000-97576-2 010 $a1-003-44534-9 010 $a1-57922-533-0 035 $a(CKB)2670000000161088 035 $a(EBL)911930 035 $a(OCoLC)781636127 035 $a(SSID)ssj0000420680 035 $a(PQKBManifestationID)12184152 035 $a(PQKBTitleCode)TC0000420680 035 $a(PQKBWorkID)10405791 035 $a(PQKB)11149596 035 $a(MiAaPQ)EBC911930 035 $a(EXLCZ)992670000000161088 100 $a20130418d2010|||| u|| | 101 0 $aeng 135 $aur|n|---||||| 181 $ctxt 182 $cc 183 $acr 200 10$aIntegrating Study Abroad Into the Curriculum$b[electronic resource] $eTheory and Practice Across the Disciplines 210 $aSterling $cStylus Publishing$d2010 215 $a1 online resource (257 p.) 300 $aDescription based upon print version of record. 311 $a1-57922-348-6 327 $aCover; CONTENTS; FOREWORD; INTRODUCTION; 1. CAPTURING STUDY ABROAD'S TRANSFORMATIVE POTENTIAL; 2. LESSONS FROM GEOGRAPHY: Mental Maps and Spatial Narratives; 3. PREPARATORY COURSES FOR STUDENTS GOING TO DIVERGENT SITES: Two Examples; 4. CULTURE, RELIGION, AND NATIONALITY: Developing Ethnographic Skills and Reflective Practices Connected to Study Abroad; 5. EMBEDDING PREPARATION IN LANGUAGE COURSES: Bonn and Erlangen; 6. SEMIOTICS AND THE CITY: Putting Theories of Everyday Life, Literature, and Culture Into Practice 327 $a7. COOL CITIES: Kalamazoo and Carthage-The Intersection of Service-Learning and Intercultural Learning8. CHINESE CITIES IN TRANSITION: The City as Classroom; 9. HEALTH AND MICROCREDIT: Beloit as a Laboratory for Understanding Nicaragua; 10. BUILDING GLOBAL AWARENESS THROUGH BIOLOGY, PUBLIC HEALTH, AND STUDY ABROAD: How Science Study Can Prepare Students for Study Abroad, and How Study Abroad Can Prepare Scientists for Citizenship; 11. SYNTHESIS AND CAREER PREPARATION: The International Relations Senior Thesis; 12. CAPACITY BUILDING FOR STUDY ABROAD INTEGRATION: The Institution and the Faculty 327 $aCONTRIBUTORSINDEX; A; B; C; D; E; F; G; H; I; J; K; L; M; N; O; P; R; S; T; U; V; W; Y 330 $aTo achieve the goal of engendering intercultural competence and intellectual development, this book proposes two strategies: structure study abroad to bridge the separation of academic learning from experiential and intercultural learning; and integrate study abroad with the undergraduate curriculum. This book opens with two chapters presenting different theoretical perspectives relevant to the integration of study abroad into the curriculum. The following nine chapters provide examples from a variety of disciplines and within such contexts as distance learning, service learning, and the senio 606 $aForeign study -- Administration -- Handbooks, manuals, etc 606 $aForeign study -- United States 606 $aUniversities and colleges -- Curricula -- United States 606 $aForeign study$xAdministration$zUnited States$vHandbooks, manuals, etc 606 $aForeign study$xCurricula$zUnited States 606 $aUniversities and colleges 606 $aEducation$2HILCC 606 $aTheory & Practice of Education$2HILCC 606 $aSocial Sciences$2HILCC 615 4$aForeign study -- Administration -- Handbooks, manuals, etc. 615 4$aForeign study -- United States. 615 4$aUniversities and colleges -- Curricula -- United States. 615 0$aForeign study$xAdministration 615 0$aForeign study$xCurricula 615 0$aUniversities and colleges 615 7$aEducation 615 7$aTheory & Practice of Education 615 7$aSocial Sciences 676 $a370.116 676 $a370.1162 700 $aBrewer$b Elizabeth$01584067 701 $aCunningham$b Kiran$01584068 801 0$bAU-PeEL 801 1$bAU-PeEL 801 2$bAU-PeEL 906 $aBOOK 912 $a9910790019203321 996 $aIntegrating Study Abroad Into the Curriculum$93867641 997 $aUNINA